Lancia Delle Barbarosse

Sábháilte in:
Sonraí bibleagrafaíochta
Príomhchruthaitheoir: Tiziano De Zardo
Formáid: LEABHAR
Teanga:Teanga Anaithnid nó Neamhbhailí
Foilsithe / Cruthaithe: Istituto Novecento
Clibeanna: Cuir clib leis
Níl clibeanna ann, Bí ar an gcéad duine le clib a chur leis an taifead seo!

MARC

LEADER 00000nam a2200000Ia 4500
001 R-1091
003 CODICE-MESSINA
005 20260212102502.0
008 260211s9999 xx 000 0 und d
040 |c importazione_messina 
100 |a Tiziano De Zardo 
245 0 |a Lancia Delle Barbarosse 
260 |b Istituto Novecento 
942 |2 ddc  |c BK 
952 |0 0  |1 0  |2 ddc  |4 0  |6 SCAFFALE_10_000000000000000__ROMANZI  |7 0  |9 31922  |a ME  |b ME  |d 2026-02-11  |l 0  |o SCAFFALE 10 - ROMANZI  |p R-1091  |r 2026-02-11 23:52:51  |w 2026-02-11  |x [REVISIONARE]  |y BK 
999 |c 27587  |d 27587